The encyclopedia of the motorcycle / (Record no. 82)
[ view plain ]
| 000 -LEADER | |
|---|---|
| fixed length control field | 00832cam a22002537a 4500 |
| 005 - DATE AND TIME OF LATEST TRANSACTION | |
| control field | 20260322212005.0 |
| 008 - FIXED-LENGTH DATA ELEMENTS--GENERAL INFORMATION | |
| fixed length control field | data |
| 010 ## - LIBRARY OF CONGRESS CONTROL NUMBER | |
| LC control number | 2008300102 |
| 020 ## - INTERNATIONAL STANDARD BOOK NUMBER | |
| International Standard Book Number | 0785821449 (pbk.) |
| 020 ## - INTERNATIONAL STANDARD BOOK NUMBER | |
| International Standard Book Number | 9780785821441 (pbk.) |
| 040 ## - CATALOGING SOURCE | |
| Original cataloging agency | JZD |
| Transcribing agency | JZD |
| Modifying agency | DLC |
| -- | BAKER |
| -- | OCLCG |
| -- | DLC |
| 042 ## - AUTHENTICATION CODE | |
| Authentication code | lccopycat |
| 050 00 - LIBRARY OF CONGRESS CALL NUMBER | |
| Classification number | TL440 |
| Item number | .H458 2008 |
| 082 00 - DEWEY DECIMAL CLASSIFICATION NUMBER | |
| Classification number | 629.227/503 |
| Edition information | 22 |
| 092 ## - LOCALLY ASSIGNED DEWEY CALL NUMBER (OCLC) | |
| Classification number | 629.227 H458 2008 |
| 001 - CONTROL NUMBER | |
| control field | data |
| 100 1# - MAIN ENTRY--PERSONAL NAME | |
| Personal name | Henshaw, Peter, |
| Dates associated with a name | 1962- |
| 245 14 - TITLE STATEMENT | |
| Title | The encyclopedia of the motorcycle / |
| Statement of responsibility, etc. | Peter Henshaw. |
| 246 1# - VARYING FORM OF TITLE | |
| Display text | Subtitle on cover: |
| Title proper/short title | Utimate reference and comprehensive companion for motorbike enthsiasts |
| 260 ## - PUBLICATION, DISTRIBUTION, ETC. | |
| Place of publication, distribution, etc. | Edison, NJ : |
| Name of publisher, distributor, etc. | Chartwell Books, |
| Date of publication, distribution, etc. | [2008]. |
| 300 ## - PHYSICAL DESCRIPTION | |
| Extent | 448 p. : |
| Other physical details | ill. (some col.) ; |
| Dimensions | 17 x 22 cm. |
| 504 ## - BIBLIOGRAPHY, ETC. NOTE | |
| Bibliography, etc. note | Includes bibliographical references (p. 432) and index. |
| 650 #0 - SUBJECT ADDED ENTRY--TOPICAL TERM | |
| Topical term or geographic name entry element | Motorcycles |
| Form subdivision | Encyclopedias. |
| Withdrawn status | Lost status | Damaged status | Not for loan | Home library | Current library | Shelving location | Date acquired | Total checkouts | Full call number | Barcode | Date last seen | Price effective from | Koha item type |
|---|---|---|---|---|---|---|---|---|---|---|---|---|---|
| Troy | Troy | General stacks | 22/03/2026 | 629.227/503 22 | BC0010085 | 22/03/2026 | 22/03/2026 | Books |